| 000 | 00605nam a2200193Ia 4500 | ||
|---|---|---|---|
| 005 | 20260114185848.0 | ||
| 008 | 008 260114s9999 xx 000 0 eng d | ||
| 020 | _a9780755601745 | ||
| 037 | _aEBOOK | ||
| 040 |
_aCRL _beng _cCRL |
||
| 041 |
_aeng _2eng |
||
| 084 | _qCRL | ||
| 100 |
_aPeter Cherry _9875322 |
||
| 245 | 0 | _aMuslim Masculinities in Literature and Film Transcultural Identity and Migration in Britain | |
| 260 |
_bBloomsbury _c2021 |
||
| 856 | _uhttps://doi.org/10.5040/9780755601745?locatt=label:secondary_bloomsburyCollections | ||
| 942 | _cEBOOK | ||
| 999 |
_c1474256 _d1474256 |
||